Género y mercado de trabajo: Honduras y Nicaragua /
Este trabajo considera los cambios ocurridos en la ecnomía política del comercio internacional durante la última década. El artículo establece que a principios de los años 90 los representantes carbeños tuvieron gran éxito a la hora de desarrollar estrategias para defender sus intereses comerciales,...
Guardat en:
| Autor principal: | |
|---|---|
| Altres autors: | |
| Format: | Text |
| Publicat: |
San José:
OIT
|
| Matèries: | |
| Etiquetes: |
Afegir etiqueta
Sense etiquetes, Sigues el primer a etiquetar aquest registre!
|
MARC
| LEADER | 00000 a a2200000 04500 | ||
|---|---|---|---|
| 001 | 32775 | ||
| 003 | |||
| 040 | |||
| 020 | |a 92-2-315011-6 | ||
| 090 | |a 204401 | ||
| 100 | |a Fernández - Pacheco, Janina | ||
| 245 | |a Género y mercado de trabajo: Honduras y Nicaragua / |c Janina Fernández - Pacheco | ||
| 260 | |a San José: |b OIT | ||
| 300 | |a 424 p. | ||
| 520 | |a Este trabajo considera los cambios ocurridos en la ecnomía política del comercio internacional durante la última década. El artículo establece que a principios de los años 90 los representantes carbeños tuvieron gran éxito a la hora de desarrollar estrategias para defender sus intereses comerciales, pero en estos momentos la región debe tomar nota de que el ambiente internacional ha cambiado de forma tan radical que las antiguas estrategias de negociación no pueden considerarse ya como apropiadas | ||
| 650 | |a RELACIONES COMERCIALES | ||
| 650 | |a COMERCIO INTERNACIONAL | ||
| 650 | |a POLITICA COMERCIAL INTERNACIONAL | ||
| 650 | |a CARIBE | ||
| 650 | |a COMUNIDAD EUROPEA | ||
| 700 | |a ed. | ||
| 999 | |c 5025 |d 5025 | ||



